000 00719nam a2200229 i 4500
001 50513
003 ES-MaACL
005 20250627063631.0
007 t|
008 030805s1967 sp ||||1| spa d
100 1 _aCullmann, Oscar,
_d1902-1999
_942150
245 1 0 _aUnidad en Cristo /
_cOscar Cullmann, Otto Karrer ; [tradujo Daniel Ruiz Bueno].
260 _aSalamanca :
_bSígueme,
_c1967.
300 _a221 p. ;
_c22 cm.
490 1 _aColección "Diálogo" ;
_v2
650 0 4 _aEcumenismo.
_912045
700 1 _aRuiz Bueno, Daniel.
_9100677
700 1 _aKarrer, Otto.
_967581
830 0 _aColección "Diálogo" ;
_v2
_9184185
852 _aES-MaACL
_jC-33262
_bR.64148
999 _c50513
_d50513